| 000 | 00636nam a22002177a 4500 | ||
|---|---|---|---|
| 005 | 20210325182413.0 | ||
| 008 | s1988 eng d | ||
| 020 | _a0813312809 | ||
| 041 | _aeng | ||
| 050 | _aHD9574.M6 T4P 1988 | ||
| 100 | 0 | _aTeichman, Judith A. | |
| 245 | 1 | 0 | _aPolicymaking in Mexico : from boom to crisis |
| 260 | 3 |
_aBoulder, Colorado : _bWestview Press, _c1988 |
|
| 300 |
_a178 p. ; _b 22 cm. |
||
| 650 | 0 | 4 | _aMexico -- Economic policy -- 1970-- |
| 650 | 0 | 4 | _aPetroleum industry and trade -- Government policy -- Mexico |
| 850 | _aNALT | ||
| 942 | _cGB | ||
| 997 | _c000000000014384 | ||
| 998 | _aSOPAPORN | ||
| 999 |
_c14384 _d14384 |
||